Houbařem snadno a rychle /

Hlavní autor: Netušil, Václav, 1909-1981
Další autoři: Procházka, František, 1911-1976
Jazyk: Čeština
Vydáno: Praha : Státní nakladatelství dětské knihy, 1958
Vydání: 1. vyd.
Témata:
Fyzický popis: Nestr.
Knihy
Uloženo v:
LEADER 00895nam a22002412a 4500
001 000187049
003 CZ BrMZK
005 20091115170008.0
008 970107s1958 xr f cze d
015 |a cnb000683784 
035 |a (OCoLC)85461134 
040 |a BOA001  |b cze 
100 1 |a Netušil, Václav,  |d 1909-1981  |7 jk01083291 
245 1 0 |a Houbařem snadno a rychle /  |c Václav Netušil a František Procházka 
250 |a 1. vyd. 
260 |a Praha :  |b Státní nakladatelství dětské knihy,  |c 1958 
300 |a Nestr. 
700 1 |a Procházka, František,  |d 1911-1976  |7 jk01101124 
910 |a BOA001  |b PK-A-0005.773  |b S-0407.939 
964 |a Houby jedlé - přehledy 
990 |a BK 
996 6 |b 2619536750  |c S-0407.939  |l MZK  |r Sklad / do 24 hodin  |n 0  |w 000187049  |u 000020  |a 1  |e BOA001  |j MZK50  |s P 
996 7 |b 3119946641  |c PK-A-0005.773  |l MZK  |r Sklad / do 1 hodiny  |n 0  |w 000187049  |u 000010  |a 1  |e BOA001  |j MZK50  |s A